000 00423nam a2200181Ia 4500
001 13391
003 GE_BSU
008 181216s||||||||xx |||||||||||||| ||und||
020 _a9781858059099
040 _cGE_BSU
080 _a616(075.8)
100 _aFlang,Cara
245 _aRevise A2 Psychology
300 _a176p.ill.34cm.
653 _aRevise A2 Psychology
653 _aფსიქოლოგია
942 _cBK
999 _c46552
_d46552